| 000 | 01414cam a2200217 4500 | ||
|---|---|---|---|
| 008 | 030312n2003 000 0 eng u | ||
| 035 | _a(Sirsi) u121606 | ||
| 100 | _aPearce, A. | ||
| 245 | _aTime to take your asbestos seriously | ||
| 260 | _c2003 | ||
| 490 |
_aFarmers' Weekly _v138(10) 7 March 2003, 87-9(3) |
||
| 520 | _aFollowing changes to the asbestos law, highlights the need for farmers and farm workers to consider the threat posed to their health by asbestos in farm buildings. HSE research shows that repeated exposure to low doses is a factor in cases of cancer caused by asbestos and farm workers are at such a risk where they often carry out repair and maintenance work on asbestos products in farm buildings. Advises farmers to have their farms inspected in order to ensure that all sources of asbestos are made safe or removed by creating a management plan. Free information sheets are available from the HSE at www.hse.gov.uk/pubns/asbindex.htm or HSE Books, PO Box 1999, Sudbury, Suffolk, CO10 2WA, t +44 (0)1787 881165. | ||
| 590 | _aABS | ||
| 650 | _aMANAGEMENT-HEALTH AND SAFETY-HAZARDOUS SUBSTANCES-ASBESTOS | ||
| 650 | _aFARM BUILDINGS | ||
| 650 | _aMANAGEMENT PLANS | ||
| 650 | _aCONTROL OF ASBESTOS AT WORK REGULATIONS 2002 | ||
| 690 |
_aHEALTH AND SAFETY _96244 |
||
| 856 |
_uwww.hse.gov.uk/pubns/asbindex.htm _zView the information sheets on the HSE website... |
||
| 942 | _n0 | ||
| 999 |
_c72290 _d72290 |
||